000 00676nam a2200277Ia 4500
005 20260324122238.0
008 008 260324s9999 xx 000 0 eng d
020 _a9780429092398
037 _aEBOOK
040 _aCRL
040 _beng
040 _cCRL
041 _2eng
041 _aeng
084 _qCRL
100 _aJ. R. Solana
_91165691
245 0 _aPerturbation Theories for the Thermodynamic Properties of Fluids and Solids
260 _bTaylor and Francis
260 _c2013
365 _a
365 _b385
856 _uhttp://www.taylorfrancis.com/books/9780429092398
942 _cEBOOK
999 _c1758279
_d1758279